01337cas a22003497ar450000500170000000800410001701000100005801100100006802200140007803500110009224500910010326000760019430000070027031000150027736200180029265000570031078000570036786600630042486600590048786600580054686600580060486600580066286600280072086600630074886600280081186600330083986600240087286600240089686600210092086600230094186600230096420220329143024.0001017c1991 br qr pernn 0 b1por d a90809 a91781 a1414-3984 a10234410aEngenharia na Agriculturac/por Associacao dos Engenherios Agrícolas de Minas Gerais0 aVicosa:bAssociacao dos Engenherios Agrícolas de Minas Gerais,c1991. av. aTrimestral av.12 n.4,200414aIngeniería agrícolaxPublicaciones periódicas. tEngenharia na Agricultura: Serie Construcoes Ruralis av. 12 n. 3 (Septiembre 2004) - v. 12 n. 4 (Diciembre 2004) av. 13 n. 1 (Marzo 2005) - v. 13 n. 3 (Septiembre 2005) av. 14 n. 1 (Marzo 2006) - v. 14 n. 4 (Diciembre 2006) av. 15 n. 1 (Marzo 2007) - v. 15 n. 4 (Diciembre 2007) av. 16 n. 2 (Junio 2008) - v. 16 n. 4 (Diciembre 2008) av. 17 n. 1 (Marzo 2009) av. 17 n. 3 (Septiembre 2009) - v. 17 n. 6 (Diciembre 2009) av. 18 n. 1 (Marzo 2010) av. 18 n. 3 (Septiembre 2010) av.10 n.1-4 - (2002) av.11 n.1-4 - (2003) av.5 n.3 - (1997) av.7 n.2-4 - (1999) av.9 n.3-4 - (2001)